Antická minulosť Varny

Bibliographic Details
Main Author: Turčan, Vladimír, 1952- (Author)
Format: Article
Language:Slovak
Subjects:

MARC

LEADER 00000nab a2200000 a 4500
001 vtls000229720
003 SK-MaSNL
005 20260303190102.0
008 150501c1985 xo 0 slo
015 |a SNBRB19rr/mm-uuuuu 
035 |a CL0239834 
040 |a SNKBUCL  |b slo  |c SNKBUCL  |e AACR2 
041 0 |a slo 
044 |a xo  |c SK 
080 |a 902(497.211)  |2 1981 
080 |a 908  |2 1981 
100 1 |a Turčan, Vladimír,  |d 1952-  |4 aut  |9 13496 
245 1 0 |a Antická minulosť Varny  |c Vladimír Turčan 
651 7 |a Varna (Bulharsko)  |2 snkbucl  |9 51221 
655 7 |a články z novín a časopisov  |2 snkbucl  |9 267496 
773 0 |t Príroda a spoločnosť  |g Roč. 34, č. 19 (1985), s. 57-59 
850 |a Slovenská národná knižnica v Martine  |a MTA001 
852 |a SNK  |b KIS3GCP 
958 |a RK 
958 |a BG 
992 |a RBX 
999 |c 2134494  |d 2136424